Heavenly voices [videorecording] : (Record no. 6731)
[ view plain ]
| 000 -LEADER | |
|---|---|
| fixed length control field | 00743nam a2200193 4500 |
| 008 - FIXED-LENGTH DATA ELEMENTS--GENERAL INFORMATION | |
| fixed length control field | 020509s1998 us eng |
| 020 ## - INTERNATIONAL STANDARD BOOK NUMBER | |
| International Standard Book Number | 1563642778 |
| 090 ## - LOCALLY ASSIGNED LC-TYPE CALL NUMBER (OCLC); LOCAL CALL NUMBER (OCLC) | |
| Classification number (OCLC) (R) ; Classification number, CALL (RLIN) (NR) | 781.71 |
| Local cutter number (OCLC) ; Book number/undivided call number, CALL (RLIN) | H35 |
| 245 10 - TITLE STATEMENT | |
| Title | Heavenly voices [videorecording] : |
| Remainder of title | an extraordinary musical journey through 1,000 years of Christian music / |
| Statement of responsibility, etc | Barry Rose, organist and choir master. |
| 260 ## - PUBLICATION, DISTRIBUTION, ETC. (IMPRINT) | |
| Place of publication, distribution, etc | Worcester, PA : |
| Name of publisher, distributor, etc | Vision Video, |
| Date of publication, distribution, etc | c1998. |
| 300 ## - PHYSICAL DESCRIPTION | |
| Extent | videocassette (8 to 15 mins. segments) : |
| Other physical details | sd., col. |
| 500 ## - GENERAL NOTE | |
| General note | VHS [original] |
| 650 #4 - SUBJECT ADDED ENTRY--TOPICAL TERM | |
| Topical term or geographic name as entry element | Choirs (Music). |
| 650 #4 - SUBJECT ADDED ENTRY--TOPICAL TERM | |
| Topical term or geographic name as entry element | Church music. |
| 650 #4 - SUBJECT ADDED ENTRY--TOPICAL TERM | |
| Topical term or geographic name as entry element | Music |
| General subdivision | Religious aspects |
| -- | Christianity. |
| 651 #4 - SUBJECT ADDED ENTRY--GEOGRAPHIC NAME | |
| Geographic name | Music |
| Geographic subdivision | Great Britain |
| General subdivision | History. |
| 700 1# - ADDED ENTRY--PERSONAL NAME | |
| Personal name | Rose, Barry |
| 951 ## - EQUIVALENCE OR CROSS-REFERENCE-GEOGRAPHIC NAME/AREA NAME [OBSOLETE] [CAN/MARC only] | |
| -- | V-1497 |
| -- | 781.71/H35 |
| -- | 070613111105437 |
| -- | 2000-12-21 |
| -- | VT |
| Withdrawn status | Lost status | Damaged status | Not for loan | Home library | Current library | Shelving location | Date acquired | Accession number | Shelving control number | Total Checkouts | Full call number | Date last seen | Price effective from | Koha item type |
|---|---|---|---|---|---|---|---|---|---|---|---|---|---|---|
| BSOP Library | BSOP Library | Video Tapes | 12/21/2000 | V-1497 | 127 | 781.71/H35 | 02/23/2013 | 02/23/2013 | Books |
